000 00813cam a2200241 4500
001 ABS68390
008 041020n2004 000 0 eng u
035 _a(Sirsi) u127772
100 _aBeaton, D.
245 _aTurning slurry from nuisance to nutrient
260 _c2004
490 _aFarmers' Weekly
_v141(14) 1 October 2004, 76-79(4)
520 _aArticle on best farming practice supported by the Environment Agency on slurry and manure management. Explains how farmers can store and manage slurry and manure for financial as well as environmental benefits.
590 _aABS
590 _aABS
650 _aFARMING PRACTICES
650 _aSLURRY
650 _aMANURE
650 _aWATER POLLUTION
650 _aENVIRONMENT ISSUES
690 _aRURAL-AGRICULTURE AND FORESTRY
942 _n0
999 _c118198
_d118198